00600cam a22002171 4500001001300000003000400013005001700017008004100034010001700075035002000092040003900112042001200151050001600163100003600179245003400215260003300249300001800282651004700300650002000347999001500367af 48002979 DLC20260227110859.0960911s1944 it 000 0 ita c aaf 48002979  a(OCoLC)35515336 aColumbia Univ. LibrariescNNCdDLC apremarc00aDG571b.C581 aConsiglio, Alberto,d1902-1973.10aAntifascismo primo e secondo. a[Roma]bItalia nuovac[1944] a78 p.c21 cm. 0aItalyxPolitics and governmenty1922-1945. 0aFascismzItaly. c5337d5337